00610 2200217 4500001002100000005001500021035002000036007000300056008004100059020001800100082000800118084001400126100001500140245009400155260003500249300002600284650003200310700002100342700001800363990001100381INLIS00000000000629120210211023610 a0010-0221000055ta210211 g 0 ind  a979-9029-98-8 a297 a297 ABU s0 aABU, Su'ud1 aSepanjang Hari Bersama Rasulullah SAW /cAbu Su'ud; editor, Mahmud Sya'roni, Usman Munaji aSemarang :bAneka Ilmu,c[s.a] aix, 99 hal. ;c21 cm. 4aISLAM SEBAGAI PEDOMAN HIDUP0 aMAHMUD, Sya'roni0 aUSMAN, Munaji a7848 a